On Enhancing Life Satisfaction/ (Record no. 207479)

MARC details
000 -LEADER
fixed length control field 00556nam a22001937a 4500
005 - DATE AND TIME OF LATEST TRANSACTION
control field 20241206162038.0
010 ## - LCCN (DPL NO)
LC control number ENG-142875
020 ## - INTERNATIONAL STANDARD BOOK NUMBER
International Standard Book Number 9789385329630
Terms of availability 650.00
035 ## - SYSTEM CONTROL NUMBER
System control number EN-126407
037 ## - SOURCE OF ACQUISITION
Source of stock number/acquisition DBAD
082 ## - DEWEY DECIMAL CLASSIFICATION NUMBER
Classification number 658.812
Edition number 1
100 ## - MAIN ENTRY--PERSONAL NAME
Personal name Mishra, Tushar Kant
245 ## - TITLE STATEMENT
Title On Enhancing Life Satisfaction/
Statement of responsibility, etc by Tushar Kant Mishra
250 ## - EDITION STATEMENT
Edition statement 1
260 ## - PUBLICATION, DISTRIBUTION, ETC. (IMPRINT)
Place of publication, distribution, etc Delhi
Name of publisher, distributor, etc Shree kala Prakashan
Date of publication, distribution, etc 2022
270 ## - ADDRESS
Address 42/43,U.B. Jawahar Nagar
City Delhi
Postal code 110007
300 ## - PHYSICAL DESCRIPTION
Extent 159p.
Dimensions 23cm(pb)
942 ## - ADDED ENTRY ELEMENTS (KOHA)
Source of classification or shelving scheme Dewey Decimal Classification
Item type English Books
Classification part 658.812
Call number suffix MIS
Holdings
Withdrawn status Lost status Not for loan Collection code Home library Current library Date acquired Source of acquisition Cost, normal purchase price Full call number Barcode Copy number Cost, replacement price Koha item type
      Non-fiction R.K.Puram-8 R.K.Puram-8 06/12/2024 Delivery of Books Division 650.00 658.812 MIS EN-126407 1 650.00 English Books

© Delhi Public Library
Hit Counter
free hit counter